| 000 | 00746nam a2200229Ia 4500 | ||
|---|---|---|---|
| 005 | 20260704175958.0 | ||
| 008 | 260704s9999||||xx |||||||||||||| ||und|| | ||
| 020 |
_a9789350293263 _qpbk |
||
| 082 |
_a810.3 _bKHA |
||
| 100 | _aKhair, Tabish | ||
| 245 | 4 | _aThe thing about thugs | |
| 260 |
_aNoida _bHarperCollins Publishers _c2012 |
||
| 300 | _a278p. ; 20cm. | ||
| 653 | _aGreat Britain--History--19th century--Fiction | ||
| 653 | _aIndia — History — British occupation, 1765–1947 — Fiction | ||
| 653 | _aIndia--History--19th century--Fiction | ||
| 653 | _aIndic fiction (English) | ||
| 653 | _aIndic fiction (English) | ||
| 653 | _aLondon (England)--Fiction | ||
| 653 | _aThugs (Indic criminal group)--Fiction | ||
| 942 | _cBK | ||
| 999 |
_c57384 _d57384 |
||